00637cam a22002171 4500001001300000003000400013005001700017008004100034010001700075035001900092040002500111042001200136050001700148100002000165245010700185260003000292300003200322440003100354650001900385999001500404agr27000898 DLC20260227110947.0781115s1927 gw a b 000 0 ger  aagr27000898  a(OCoLC)4374366 aDLCcTxCMdTxCMdDLC apremarc00aQK524.P7bD61 aDöpp, Walter.10aUntersuchungen über die Entwicklung von prothallien einheimischer Polypodiaceen,cvon Walter Döpp. aJena,bG. Fischer,c1927. a58, [34] p.billus.c26 cm. 0aPflanzenforschung,vHeft 8 0aPolypodiaceae. c9135d9135